ZŁOTĄ RYBKĘ POPROSILIBYŚMY O - Statystyki

Ogólne statystyki
  • Ten quiz został rozwiązany 88 razy
  • Średni wynik to 4 z 7
Statystyki odpowiedzi
Hint Odpowiedź % Poprawnych
3. PIENIĄDZE
96%
5. SZCZĘŚCIE
69%
6. ZDROWIE
67%
4. MIŁOŚĆ
65%
1. DOM
58%
2. SAMOCHÓD
51%
7. WYGLĄD
6%
Nie znaleziono quizów pasujących do podanych kryteriów
Rozkład punktacji
Procent ludzi z każdym wynikiem
Percentyl według liczby udzielonych odpowiedzi
Twoja historia wyników
Nie rozwiązałeś tego quizu